000 00832cam a2200265 i 4500
001 768714001
003 CO-MdFUSB
005 20240531062735.0
007 ta
008 231103t1966 -us |||| |||| 00| 0 eng d
040 _bspa.
_aCO-MdFUSB
_cCO-MdFUSB
_dCO-MdFUSBC
_erda
041 _aeng
082 0 4 _aG 230.05 M3881n
245 1 0 _aNew theology No. 1. Its vitality and variety demonstrated in fifteen recent articles / Martin E. Marty, Dean G. Peerman, Editores
_c/
264 1 _aNew York, N.Y., USA :
_bCollier Macmillan Publishers,
_c[1966]
264 4 _c©1966
300 _a256 Pag.
_c;
336 _atexto
_btxt
_2rdacontent
337 _2rdamedia
_asin mediación
_bn
338 _avolumen
_2rdacarrier
_bnc
650 7 _aTeología bíblica
_9320
650 7 _aCristianismo
_2
_922
942 _cBK
945 _aJohan 1477
999 _c32847
_d32847